000 00484nam a2200181Ia 4500
999 _c36572
_d36572
003 OSt
005 20210101113120.0
008 190216s9999||||xx |||||||||||||| ||und||
020 _a9788124007143
040 _coclc
082 _a133.5
_bNAI/J
100 _aNair, P S
_98064
245 0 _aJyothishadeepam /
_cP S Nair
260 _bCurrent Books,
_aKottayam:
_c1999.
300 _a356p
650 _aMalayalam
942 _cBK
_2ddc
_h133.5
_iNAI/J
_k133.5
_mNAI/J